000 00288nam a22001337a 4500
008 170922b xxu||||| |||| 00| 0 eng d
020 _a9780767427272
041 _aeng
080 _23 ED
_a902
100 _a45
101 _aARK
245 _aARCHEOLOGY
_cSHARER.R.J
942 _2udc
_cBK
999 _c28924
_d28924